000 00428nam a2200169 4500
003 OSt
008 240703b |||||||| |||| 00| 0 eng d
020 _a9781473656871
082 _a650.1
_bKOP
100 _aKOCH, Richard
245 _aThe 80/20 Principle:Achieve More With Less
250 _aRev. Ed.
260 _aLondon
_bNicholas Brealey Publishing
_c2022
300 _axxi, 408p.
650 _aGeneral
942 _2ddc
_cBK
999 _c12789
_d12789